Inner City of Hyderabad (Record no. 8507)

MARC details
000 -LEADER
fixed length control field 00630nam a2200241 a 4500
020 ## - INTERNATIONAL STANDARD BOOK NUMBER
ISBN
082 00 - DEWEY DECIMAL CLASSIFICATION NUMBER
Classification number 954.84
Author Cutter NAI1
100 ## - MAIN ENTRY--AUTHOR NAME
Author name Naidu, Ratna
245 ## - TITLE STATEMENT
Title Inner City of Hyderabad
Sub title Study Sponsored By Planning Commission Government
260 ## - PUBLICATION, DISTRIBUTION, ETC. (IMPRINT)
Place of publication Hyderabad
Name of publisher Govt. of Hyderabad
Year of publication 1986
300 ## - PHYSICAL DESCRIPTION
Number of Pages 217p
500 ## - GENERAL NOTE
General note includes index and biblioraphy
505 2# - FORMATTED CONTENTS NOTE
Formatted contents note Publication Date 1988
650 ## - SUBJECT ADDED ENTRY--TOPICAL TERM
Topical Term Hyderabad
942 ## - ADDED ENTRY ELEMENTS (KOHA)
Koha item type Books
700 1# -
-- Naidu, Ratna
Holdings
Collection code Home library Current library Date acquired Cost, normal purchase price Full call number Accession Number Koha item type
  Henry Martyn Institute Library Henry Martyn Institute Library 04/20/2007 100.00 954.84 NAI1 012972 Books
                   Copyright © 2026 | Henry Martyn Institute | Hyderabad | TS-500052 | INDIA | Implemented by hmi.edu.in
Hit-Count:

Powered by Koha